| 000 | 00000nam 2200000zi 4500 |
| 001 | 9.936975 |
| 003 | CaOODSP |
| 005 | 20240417135116 |
| 006 | m o d f |
| 007 | cr |n||||||||| |
| 008 | 240417s1987 onc or f000 0|eng d |
| 020 | |z0662159489|z2550183819 |
| 040 | |aCaOODSP|beng|erda|cCaOODSP |
| 043 | |an-cn-qu |
| 086 | 1 |aC29-3/1-1987E-PDF|zC29-3/1-1987E |
| 245 | 00|aQuébec aerospace 1987. |
| 264 | 1|a[Ottawa] : |bRegional Industrial Expansion = Expansion industrielle régionale, |c[1987] |
| 300 | |a1 online resource (134 pages) |
| 336 | |atext|btxt|2rdacontent |
| 337 | |acomputer|bc|2rdamedia |
| 338 | |aonline resource|bcr|2rdacarrier |
| 500 | |aDigitized edition from print [produced by Innovation, Science and Economic Development Canada]. |
| 500 | |aIssued also in French under title: L'aérospatiale au Québec 1987. |
| 500 | |a"Cat. no 5164 A." |
| 650 | 0|aAerospace industries|zQuébec (Province)|vDirectories. |
| 655 | 7|aDirectories|2lcgft |
| 710 | 1 |aCanada. |bDepartment of Regional Industrial Expansion, |eissuing body. |
| 775 | 08|tL'aérospatiale au Québec 1987.|w(CaOODSP)9.936987 |
| 856 | 40|qPDF|s11.85 MB|uhttps://publications.gc.ca/collections/collection_2024/isde-ised/C29-3-1-1987-eng.pdf |